La participacion de los padres en la escuela (Record no. 168909)

MARC details
000 -LÍDER
campo de controle de tamanho fixo 00349 a2200145 4500
001 - NÚMERO DE CONTROLE
campo de controle 168909
020 ## - ISBN - INTERNATIONAL STANDARD BOOK NUMBER
ISBN - International Standard Book Number
040 ## - FONTE DA CATALOGAÇÃO
Instituição que transcreveu o registro Magnum
100 ## - ENTRADA PRINCIPAL--NOME PESSOAL
Nome pessoal Ruiz, Ambrosio J. Pulpillo
240 10 - TÍTULO UNIFORME
Título uniforme La participacion de los padres en la escuela
Idioma da obra ESP
245 10 - TÍTULO
Título La participacion de los padres en la escuela
362 0# - DATAS DE PUBLICAÇÃO E/OU DESIGNAÇÃO SEQUENCIAL
Datas de publicação e/ou designação sequencial 1899
697 ## - ENTRADA DE ASSUNTO LOCAL--ENTIDADE COLETIVA (RLIN)
Nome corporativo ou nome da jurisdição GERAL
942 ## - ELEMENTOS DE ENTRADA ADICIONADOS (KOHA)
Tipo de material Koha Livros
Holdings
Situação do descarte Situação das perdas Situação física Não pode ser emprestado Biblioteca de origem Biblioteca atual Data de aquisição Total de empréstimos Número de chamada completo Código de barras Data de último acesso Data do preço efetivo Tipo de material Koha
        Magnum Magnum 08/06/2024   LI.07649 MAG00013452 08/06/2024 08/06/2024 Livros